header

The vicar of Wakefield (Record no. 237260)

MARC details
000 -LEADER
fixed length control field 01521nam a2200409 a 4500
100 1# - MAIN ENTRY--AUTHOR NAME
Personal name Goldsmith, Oliver,
245 14 - TITLE STATEMENT
Title The vicar of Wakefield
250 ## - EDITION STATEMENT
Edition statement New ed.
260 ## - PUBLICATION, DISTRIBUTION, ETC. (IMPRINT)
Place of publication New York :
Name of publisher Oxford University Press,
Year of publication 2006.
300 ## - PHYSICAL DESCRIPTION
Number of Pages xlvii, 197 p.
490 1# - SERIES STATEMENT
Series statement Oxford world's classics
650 #0 - SUBJECT ADDED ENTRY--TOPICAL TERM
Topical Term Clergy
Topical Term Children of clergy
Topical Term Poor families
Topical Term Abduction
Topical Term Prisoners
700 1# - ADDED ENTRY--PERSONAL NAME
Personal name Friedman, Arthur,
856 40 - ELECTRONIC LOCATION AND ACCESS
Uniform Resource Identifier http://site.ebrary.com/lib/rucke/Doc?id=10177954

No items available.

© 2026 Rongo University
Contact us: librarian | system librarian | Rongo university